| 000 | 00603cam a2200241ua 4500 | ||
|---|---|---|---|
| 020 | _cRs.8.50 | ||
| 041 |
_aeng _h |
||
| 082 |
_a537 _bRAM/TE |
||
| 100 | _aRamamoorthy, S . | ||
| 245 |
_aText book of electricity and magnetism / _cS.Ramamoorthy. _hTextual Documents |
||
| 250 |
_a3 / _b. |
||
| 260 |
_aMadras : _bThe National publishing Co. , _c1964. |
||
| 300 | _a601 ; . | ||
| 365 | _aRs.8.50 | ||
| 504 | _a | ||
| 700 | 1 | _aKrihnaswami, S . | |
| 942 | _cBK | ||
| 999 |
_c127 _d127 |
||